| 000 | 00544nam a2200205Ia 4500 | ||
|---|---|---|---|
| 008 | 210210b1992 xxu||||| |||| 00| 0 eng d | ||
| 082 | _a255.53 DESJ | ||
| 100 | _aDE SOUZA (Teotonio R) & BORGES (CharlesJ) Ed | ||
| 245 | _aJesuits in India: in historical perspective | ||
| 260 |
_aAsia _bXavier Centre of Historical Research _c1992 |
||
| 300 | _a415 | ||
| 650 | _aperspective | ||
| 650 | _aJesuits India | ||
| 650 | _aJesuits | ||
| 650 | _aIndia: | ||
| 650 | _ain | ||
| 650 | _ahistorical | ||
| 690 | _aChristianity | ||
| 906 | _a050106 | ||
| 999 |
_c98955 _d98955 |
||